000 00740nam a2200205Ia 4500
003 OSt
005 20220925204730.0
006 a|||||r|||| 00| 0
007 ta
008 220923b |||||||| |||| 00| 0 eng d
037 _cGeneral Book
040 _aRTL
_cRTL
_beng
041 _2eng
_aeng
082 _aY:5.236sN71, L5.AHM
100 _aCensus of India, 1971
245 0 _aDISTRICT CENSUS handbook, 1971. Gujrat
_b Ahmadabad. Vol. 5, Pt. 10-C-2 Analytical report on census and related statistics Socio-economic and cultural tables(Rural Area) and housing tables
260 _aGujrat
_bGovt. Press
_c1975
942 _hY:5.236sN71, L5.AHM
_cGB
_2CC
999 _c550255
_d550255